El régimen compensatorio por suspensión del suministro eléctrico
Gespeichert in:
| 1. Verfasser: | |
|---|---|
| Format: | Unbekannt |
| Sprache: | Englisch |
| Veröffentlicht: |
Santiago, Chile
Rubicón
2020
|
| Ausgabe: | 1a. Edición |
| Schlagworte: | |
| Tags: |
Tag hinzufügen
Keine Tags, Fügen Sie den ersten Tag hinzu!
|
MARC
| LEADER | 00000 a2200000 4500 | ||
|---|---|---|---|
| 003 | CL-VaPUC | ||
| 005 | 20210413205304.0 | ||
| 008 | 201229b ||||| |||| 00| 0 eng d | ||
| 999 | |c 432400 |d 432398 | ||
| 020 | |a 9789569947353 | ||
| 040 | |c Pontificia Universidad Católica de Valparaíso | ||
| 082 | 0 | |a 343.0929 CAR 2020 | |
| 100 | 1 | |a Carrasco Astudillo, Gonzalo |9 859060 |e autor | |
| 245 | 3 | |a El régimen compensatorio por suspensión del suministro eléctrico | |
| 250 | |a 1a. Edición | ||
| 260 | |a Santiago, Chile |b Rubicón |c 2020 | ||
| 300 | |a 151 páginas | ||
| 583 | |k Hugo Gaete |c 20201229 | ||
| 650 | 1 | |a Suministro eléctrico |9 709056 |x Pago de servicios | |
| 650 | 1 | |a Suministro de electricidad |9 560425 |x Compensación | |
| 650 | 1 | |a Derecho de los consumidores |9 859567 |x Derecho civil | |
| 852 | |a BIBCUR | ||
| 942 | |2 ddc |c BK | ||
| 952 | |0 0 |1 0 |2 ddc |4 0 |6 343_092900000000000_CAR_2020 |7 0 |8 A |9 577314 |a BIBDER |b BIBDER |d 2020-12-29 |e 22 |g 24999.00 |i 5580714 |o 343.0929 CAR 2020 |p 5580714 |r 2023-01-25 |t 1 |v 24999.00 |w 2020-12-29 |y BK |k DER | ||